1246 1297 1615 1892 1397 1727 1976 1912 1256 1641 1761 1382 1985 1513 1644 1976 1469 1783 1740 1860 1221 1894 1968 1620 1326 1136 1659 1056 1302 1731 1121 1837 1980 1674 1294 1856 1119 1713 1555 1311 1593 1968 1966 1896 1592 1214 1333 1303 1671 1032 1511 1480 1639 1717 1525 1074 1474 1371 1064 1708 1893 1370 1974 1539 1651 1610 1461 1791 1282 1293 1535 1927 1409 1450 1563 1130 1080 1683 1174 1699 1794 1987 1398 1355 1285 1488 1015 1831 1711 1899 1438 1731 1529 1573 1635 1528 1581 1684 1291 BCNSPRNW ULIB Ver.6.0+V

เปลี่ยนเป็นภาษาไทย

Change to English
 แสดงรายละเอียดบรรณานุกรม
  กลับหน้าหลัก

Brief Record : Get Marc (ISO 2709) : E-mail record : QR code < ปิดหน้าต่าง
LEADER : 00000nam 2200000uu 4500
001    13399112331
003     ULIB
008    110627s||||||||th 000 0 tha d
020    9786160602933
090    นว.^bส731ห 2554
100 0  สิรินดา
245 00 เหลี่ยมรักมัดใจ/^cสิรินดา
250    พิมพ์ครั้งที่ 3
260    กรุงเทพฯ :^bแจ่มใส,^c2554
300    220 หน้า
710 1  แจ่มใส
945    ^p149^l0^i030397
995    ทศพร
999 ^a ใช้งานได้ทุกระบบ
รายการนี้ยังไม่มีแท็ก
คุณยังไม่ได้ล็อกอิน คุณสามารถมีกิจกรรมร่วมกับเว็บไซต์ได้ แต่ต้องล็อกอินก่อน ::
  ล็อกอิน

รายการสื่อสารสนเทศ

ลำดับที่ ประเภท เลขเรียก/บาร์โค้ด สถานที่ สถานะ
- ไม่พบข้อมูล -

รายการใกล้เคียง
    ผู้แต่ง [สิรินดา]

BibComment


ยังไม่เคยถูกคอมเมนท์

คอมเมนท์ทรัพยากรรายการนี้
  คอมเมนท์: เหลี่ยมรักมัดใจ ส..


 Copyright 2026. Bcnsprnw @Library